| 000 | 01008cam a2200205 4500 | ||
|---|---|---|---|
| 001 | WB3935-09 | ||
| 008 | 030917n2003 000 0 eng u | ||
| 035 | _a(Sirsi) u123643 | ||
| 245 | _aEuropean map dataset | ||
| 260 | _c2003 | ||
| 490 |
_aGeomatics World _v11(6) September/October 2003, 6(1) |
||
| 520 | _aEuroGeographics, the association of European national mapping agencies has launched the first release of a European digital topographic dataset. With a 1:1m scale, EuroGlobalMap covers 30 European countries and eventually the whole continent. Co-funded by the European Commission, the dataset uses official national databases in six themes: administrative boundaries, hydrography; transport; settlements; elevation; and named location (geographical names). More information at http://www.eurogeographics.org. | ||
| 590 | _aWB | ||
| 650 | _aEUROPE | ||
| 650 | _aDIGITAL MAP DATA | ||
| 650 | _aDIGITAL MAPS | ||
| 650 | _aGEOGRAPHICAL INFORMATION | ||
| 690 |
_aGeomatics _96242 |
||
| 942 | _n0 | ||
| 999 |
_c73423 _d73423 |
||